[Event "Buenos Aires Torre Blanca U2400 op"]
[Site "Buenos Aires"]
[Date "2023.01.08"]
[Round "6"]
[White "Madariaga Carrascal, Jorman Said"]
[Black "Valduc, Octavio Federico"]
[Result "0-1"]
[WhiteElo "1573"]
[BlackElo "1860"]
[PlyCount "94"]
[EventDate "2023.01.06"]
[EventType "swiss"]
[EventRounds "6"]
[EventCountry "ARG"]
[SourceTitle "CBM 212 Extra"]
[Source "ChessBase"]
[SourceDate "2023.03.31"]
[SourceVersion "1"]
[SourceVersionDate "2023.03.31"]
[SourceQuality "1"]

1. e4 e5 2. Nf3 Nc6 3. d4 exd4 4. Nxd4 Bc5 5. Be3 Qf6 6. c3 Nge7 7. Bc4 d6 8. 0-0 Ne5 9. Be2 Qg6 10. Bf3 Bg4 11. Bxg4 Nxg4 12. Nd2 0-0 13. Nc2 Nxe3 14. Nxe3 Bxe3 15. fxe3 Rab8 16. Rf3 f5 17. Qe2 fxe4 18. Rg3 Qe6 19. Nb3 Nc6 20. Nd4 Nxd4 21. cxd4 Rf5 22. Rc1 Qf7 23. h3 Rf8 24. Qg4 d5 25. Rc2 c6 26. Kh2 Rf1 27. h4 Ra1 28. a3 g6 29. h5 Kg7 30. hxg6 hxg6 31. Qg5 Rh8+ 32. Rh3 Qc7+ 33. Qe5+ Qxe5+ 34. dxe5 Rxh3+ 35. Kxh3 Rf1 36. g4 Rf3+ 37. Kh4 Rxe3 38. Rf2 Rf3 39. Rxf3 exf3 40. Kg3 f2 41. Kxf2 Kf7 42. Ke3 c5 43. Kf4 d4 44. Ke4 Ke6 45. b4 cxb4 46. axb4 d3 47. Kxd3 Kxe5 0-1